000
00344nam a2200157Ia 4500
100
_a
Lal/ I
650
_a
20th century
942
_c
BK
366
_f
28
245
_a
50 Magnificiant indians of the 20th century
260
_b
Jaico Publishing House
_c
2015
082
_b
LAL
300
_a
319
546
_a
ENGLISH
_c
Computers
999
_c
20389
_d
20389